ბათუმის შოთა რუსთაველის სახელმწიფო უნივერსიტეტის ბიბლიოთეკა

Miss Smilla's Feeling For Snow. (ბიბ.ჩანაწერი № 46265)

000 -LEADER
fixed length control field 00560nam a2200217Ia 4500
001 - CONTROL NUMBER
control field 13099
003 - CONTROL NUMBER IDENTIFIER
control field GE_BSU
008 - FIXED-LENGTH DATA ELEMENTS--GENERAL INFORMATION
fixed length control field 181216s||||||||xx |||||||||||||| ||und||
020 ## - INTERNATIONAL STANDARD BOOK NUMBER
International Standard Book Number 9780006547839
040 ## - CATALOGING SOURCE
Transcribing agency GE_BSU
080 ## - UNIVERSAL DECIMAL CLASSIFICATION NUMBER
Universal Decimal Classification number 821.111-3
100 ## - MAIN ENTRY--PERSONAL NAME
Personal name Hoeg,Peter.
245 ## - TITLE STATEMENT
Title Miss Smilla's Feeling For Snow.
245 ## - TITLE STATEMENT
Statement of responsibility, etc. Translated from the Danish by F.David.
260 ## - PUBLICATION, DISTRIBUTION, ETC.
Place of publication, distribution, etc. London.
260 ## - PUBLICATION, DISTRIBUTION, ETC.
Name of publisher, distributor, etc. Flamingo an imprint of harper collins publishers.
260 ## - PUBLICATION, DISTRIBUTION, ETC.
Date of publication, distribution, etc. 1994
300 ## - PHYSICAL DESCRIPTION
Extent 410p;18cm.
653 ## - INDEX TERM--UNCONTROLLED
Uncontrolled term Miss Smilla's Feeling For Snow.
942 ## - ADDED ENTRY ELEMENTS (KOHA)
Koha item type წიგნი
ეგზემპლარები
Withdrawn status Lost status Damaged status Not for loan Date acquired Barcode Date last seen Price effective from Koha item type
        2018-12-17 36596 2018-12-17 2018-12-17 წიგნი